Avatars at work and play : collaboration and interaction in shared virtual environments / (Record no. 3325)
[ view plain ]
| 000 -LEADER | |
|---|---|
| fixed length control field | 02956nac a22003491u 4500 |
| 010 ## - LIBRARY OF CONGRESS CONTROL NUMBER | |
| LC control number | 2007271992 |
| 020 ## - INTERNATIONAL STANDARD BOOK NUMBER | |
| International Standard Book Number | 1402038836 (HB) |
| 020 ## - INTERNATIONAL STANDARD BOOK NUMBER | |
| International Standard Book Number | 1402038836 |
| 024 3# - | |
| -- | 9781402038839 |
| 035 ## - SYSTEM CONTROL NUMBER | |
| System control number | (OCoLC)ocm65202343 |
| 082 ## - DEWEY DECIMAL CLASSIFICATION NUMBER | |
| Classification number | 006.8 22 |
| Item number | AVA |
| 090 ## - LOCALLY ASSIGNED LC-TYPE CALL NUMBER (OCLC); LOCAL CALL NUMBER (OCLC) | |
| -- | 3325 |
| -- | 3325 |
| 100 ## - MAIN ENTRY--PERSONAL NAME | |
| Personal name | 20080729 |
| 245 00 - TITLE STATEMENT | |
| Title | Avatars at work and play : collaboration and interaction in shared virtual environments / |
| Remainder of title | collaboration and interaction in shared virtual environments / |
| Statement of responsibility, etc | edited by Ralph Schroeder and Ann-Sofie Axelsson. |
| 260 ## - PUBLICATION, DISTRIBUTION, ETC. (IMPRINT) | |
| Place of publication, distribution, etc | Dordrecht, the Netherlands : |
| Name of publisher, distributor, etc | Springer,2006 |
| Date of publication, distribution, etc | c2006. |
| 300 ## - PHYSICAL DESCRIPTION | |
| Extent | xv, 277 p. : |
| Other physical details | ill. ; |
| Dimensions | 25 cm. |
| 440 #0 - | |
| -- | Computer supported cooperative work ; |
| -- | 34 ; |
| 500 ## - GENERAL NOTE | |
| General note | One copy distributed by Bacca |
| 504 ## - BIBLIOGRAPHY, ETC. NOTE | |
| Bibliography, etc | Includes bibliographical references and index. |
| 505 0# - FORMATTED CONTENTS NOTE | |
| Formatted contents note | Work and play in shared virtual environments : overlapping themes and intersecting research agendas / Ralph Schroeder and Ann-Sofie Axelsson -- Transformed social interaction : exploring the digital plasticity of avatars / Jeremy N. Bailenson and Andrew C. Beall -- Selective fidelity : investigating priorities for the creation of expressive avatars / Maia Garau -- Analysis and visualization of social diffusion patterns in three-dimensional virtual worlds / Shashikant Penumarthy and Katy BoÌ(rner -- Collaborative virtual environments for scientific collaboration : technical and organizational design frameworks / Diane H. Sonnenwald -- Analyzing fragments of collaboration in distributed immersive virtual environments / Ilona Heldal ... [et al.] -- The impact of display system and embodiment on closely coupled collaboration between remote users / David Roberts, Robin Wolff, and Oliver Otto -- The good inequality : supporting group-work in shared virtual environments / Maria Spante, Ann-Sofie Axelsson, and Ralph Schroeder -- Consequences of playing violent video games in immersive virtual environments / Susan Persky and Jim Blascovich -- The psychology of massively multi-user online role-playing games : motivations, emotional investment, relationships, and problematic usage / Nick Yee -- Questing for knowledge--virtual worlds as dynamic processes of social interaction / Mikael Jakobsson -- Play and sociability in There : some lessons from online games for collaborative virtual environments / Barry Brown and Marek Bell -- Digital dystopia : player control and strategic innovation in The sims online / Francis F. Steen ... [et al.]. |
| 511 ## - PARTICIPANT OR PERFORMER NOTE | |
| Participant or performer note | Catalogued by: Sara |
| 650 #0 - SUBJECT ADDED ENTRY--TOPICAL TERM | |
| Topical term or geographic name as entry element | Avatars (Computer graphics) |
| 650 #0 - SUBJECT ADDED ENTRY--TOPICAL TERM | |
| Topical term or geographic name as entry element | Shared virtual environments. |
| 650 #0 - SUBJECT ADDED ENTRY--TOPICAL TERM | |
| Topical term or geographic name as entry element | Interactive multimedia. |
| 650 #0 - SUBJECT ADDED ENTRY--TOPICAL TERM | |
| Topical term or geographic name as entry element | Virtual work teams. |
| 650 #0 - SUBJECT ADDED ENTRY--TOPICAL TERM | |
| Topical term or geographic name as entry element | Human-computer interaction. |
| 650 #0 - SUBJECT ADDED ENTRY--TOPICAL TERM | |
| Topical term or geographic name as entry element | Internet games. |
| 700 1# - ADDED ENTRY--PERSONAL NAME | |
| Personal name | Schroeder, Ralph. |
| 700 1# - ADDED ENTRY--PERSONAL NAME | |
| Personal name | Axelsson, Ann-Sofie. |
| 942 ## - ADDED ENTRY ELEMENTS (KOHA) | |
| Item type | Book - Borrowing |
| Call number prefix | 006.8 22AVA |
| Withdrawn status | Item status | Source of classification or shelving scheme | Damaged status | Not for loan | Home library | Current library | Shelving location | Date acquired | Source of acquisition | Total Checkouts | Total Renewals | Full call number | Barcode | Date last seen | Date last borrowed | Koha item type | Cost, replacement price |
|---|---|---|---|---|---|---|---|---|---|---|---|---|---|---|---|---|---|
| Dewey Decimal Classification | Central Library | Central Library | Lower Floor | 24/03/2008 | Purchase | 1 | 6 | 006.8 22AVA | 000030015 | 15/07/2025 | 08/12/2014 | Book - Borrowing | |||||
| Central Library | Central Library | Lower Floor | 24/03/2008 | Purchase | 006.8 22AVA | 000010740 | 15/07/2025 | Book - Borrowing | 747.20 |